[Event "Cup European Club (w)"]
[Site "masterchessopen.com Halle (Germany)"]
[Round "4"]
[White "Zaiatz Elena (RUS)"]
[Black "Bojkovic Natasa (SRB)"]
[Result "0-1"]
[WhiteElo "2378"]
[BlackElo "2420"]

1.d4 Nf6 2.c4 e6 3.Nc3 Bb4 4.e3 O-O 5.Ne2 d5 6.cxd5 exd5 7.g3 c6 8.Bg2 Bd6
9.O-O Re8 10.a3 a5 11.f3 c5 12.f4 Bg4 13.h3 Bxe2 14.Nxe2 Nc6 15.Qb3 a4 16.Qxb7
Na5 17.Qb5 Nb3 18.Rb1 Qe7 19.dxc5 Bxc5 20.Kh2 Bxe3 21.Bxe3 Qxe3 22.Nc3 Nd2
23.Rf2 Nf3+ 24.Bxf3 Qxf2+ 25.Bg2 Re1 26.Rxe1 Qxe1 27.Nxa4 h6 28.Nc3 Re8 29.Qf1
Qd2 30.Qb5 Qe1 31.Qf1 Qd2 32.Qb5 Qe1 33.Nxd5 Nxd5 34.Qxd5 Qf2 {#R} 0-1

[Event "Olympiad"]
[Site "masterchessopen.com Istanbul (Turkey)"]
[Round "11"]
[White "Campos Eugenio (ANG)"]
[Black "De Silva Nirosh (SRI)"]
[Result "0-1"]
[WhiteElo "2238"]
[BlackElo "2234"]

1.d4 Nf6 2.c4 e6 3.Nc3 Bb4 4.e3 O-O 5.Ne2 c5 6.a3 Bxc3+ 7.Nxc3 cxd4 8.exd4 d5
9.Bg5 dxc4 10.Bxc4 h6 11.Be3 Nd5 12.Nxd5 exd5 13.Bd3 Nc6 14.O-O f5 15.f4 Qf6
16.Bc2 Na5 17.b3 b6 18.Re1 Be6 19.Qd3 Nb7 20.Bd2 Rfe8 21.Re5 Nd6 22.Rae1 Ne4
23.b4 Red8 24.Bb3 Bf7 25.Rc1 Rac8 26.Rxc8 Rxc8 27.b5 Qd6 28.Rxf5 Qxa3 29.h4
Nxd2 30.Rxf7 Qc1+ 31.Kh2 Nf1+ 32.Kg1 Ne3+ {#R} 0-1

[Event "Olympiad"]
[Site "masterchessopen.com Istanbul (Turkey)"]
[Round "7"]
[White "Jacimovic Dragoljub (MKD)"]
[Black "Vescovi Giovanni (BRA)"]
[Result "0-1"]
[WhiteElo "2465"]
[BlackElo "2526"]

1.d4 Nf6 2.c4 e6 3.Nc3 Bb4 4.e3 O-O 5.Ne2 d5 6.a3 Be7 7.cxd5 exd5 8.Ng3 Re8
9.b4 c6 10.Bd3 Nbd7 11.O-O Nb6 12.Rb1 Bd6 13.f4 a5 14.bxa5 Rxa5 15.Qb3 Bc7
16.h3 Bd7 17.Qb4 Ra7 18.Qb3 Nc8 19.e4 dxe4 20.Ncxe4 Nxe4 21.Bxe4 Be6 22.Qd3
Nd6 23.Bxh7+ Kh8 24.d5 Bxd5 25.Bb2 Bb6+ 26.Kh2 Re3 27.Qc2 Qh4 {#R} 0-1

[Event "Olympiad"]
[Site "masterchessopen.com Istanbul (Turkey)"]
[Round "3"]
[White "Nilssen John Arni (FAI)"]
[Black "Zaw Win Lay (MYA)"]
[Result "0-1"]
[WhiteElo "2354"]
[BlackElo "2533"]

1.d4 Nf6 2.c4 e6 3.Nc3 Bb4 4.e3 O-O 5.Ne2 d5 6.a3 Be7 7.c5 c6 8.b4 Nbd7 9.Ng3
e5 10.Nf5 Re8 11.Nxe7+ Qxe7 12.Be2 Nf8 13.O-O Ng6 14.b5 Bd7 15.Rb1 Ne4 16.Nxe4
dxe4 17.bxc6 Bxc6 18.d5 Rad8 19.d6 Qg5 20.f4 exf4 21.Qc2 f3 22.Bb5 Re5 23.Bxc6
Rxc5 24.Qa2 bxc6 25.Rb7 Ne5 26.h4 Qg3 27.Re7 f2+ 28.Qxf2 Nf3+ {#R} 0-1

[Event "It (open)"]
[Site "masterchessopen.com Kiel (Germany)"]
[Round "7"]
[White "Bekker-Jensen David (DEN)"]
[Black "Lindberg Bosse (SWE)"]
[Result "0-1"]
[WhiteElo "2320"]
[BlackElo "2159"]

1.d4 Nf6 2.c4 e6 3.Nc3 Bb4 4.e3 O-O 5.Ne2 d5 6.a3 Be7 7.Nf4 b6 8.Bd3 Bb7 9.O-O
c5 10.cxd5 cxd4 11.exd4 Nxd5 12.Nfxd5 Bxd5 13.Nxd5 Qxd5 14.Re1 Nc6 15.Be4 Qd6
16.d5 Rfd8 17.Qc2 exd5 18.Bxh7+ Kf8 19.Qe2 Bf6 20.Bd3 Re8 21.Qd1 Rxe1+ 22.Qxe1
Re8 23.Qd1 Qe6 24.Be3 Bxb2 25.Ra2 d4 26.Rxb2 dxe3 27.Qb3 Qxb3 28.Rxb3 e2 {#R}
0-1

[Event "It (open)"]
[Site "masterchessopen.com Lampertheim (Germany)"]
[Round "0"]
[White "Janson Michael (GER)"]
[Black "White Herbert (GER)"]
[Result "1-0"]
[WhiteElo "2028"]
[BlackElo "1898"]

1.d4 e6 2.c4 Nf6 3.Nc3 Bb4 4.e3 O-O 5.Ne2 d5 6.a3 Be7 7.Nf4 Re8 8.Bd3 Bf8
9.cxd5 exd5 10.Qf3 c6 11.h3 Nbd7 12.Bd2 Nb6 13.g4 Nc4 14.g5 Nxd2 15.Kxd2 Ne4+
16.Nxe4 dxe4 17.Bxe4 g6 18.h4 Qa5+ 19.b4 Bxb4+ 20.axb4 Qxb4+ 21.Kd1 Rxe4
22.Qxe4 Bf5 23.Qe5 Qb3+ 24.Ke1 Qc3+ 25.Kf1 Qxa1+ 26.Kg2 Qa2 27.h5 gxh5 28.Qxf5
a5 29.Rxh5 Kf8 30.Rxh7 Ra6 31.Qf6 Ke8 32.Rh8+ {#r} 1-0

[Event "It"]
[Site "masterchessopen.com Mulhouse (France)"]
[Round "6"]
[White "Benitah Yohan (FRA)"]
[Black "Sokolov Andrei (FRA)"]
[Result "0-1"]
[WhiteElo "2369"]
[BlackElo "2564"]

1.d4 Nf6 2.c4 e6 3.Nc3 Bb4 4.e3 O-O 5.Ne2 d5 6.a3 Be7 7.cxd5 exd5 8.b4 Re8
9.Ng3 Nbd7 10.Bd3 c6 11.O-O b5 12.Bd2 Nb6 13.a4 a6 14.a5 Nc4 15.Bxc4 dxc4
16.Rb1 Nd5 17.Nce2 f5 18.f3 Bg5 19.e4 fxe4 20.fxe4 Ne3 21.Bxe3 Bxe3+ 22.Kh1
Bg4 23.d5 cxd5 24.exd5 Qg5 25.Qc2 Qxd5 26.Rbd1 Qe5 27.h3 Bxe2 28.Nxe2 Rad8
{#R} 0-1

[Event "It (open)"]
[Site "masterchessopen.com Pardubice (Czech Republic)"]
[Round "1"]
[White "Krouzel Jaroslav (CZE)"]
[Black "Stefansson Hannes (ISL)"]
[Result "0-1"]
[WhiteElo "2293"]
[BlackElo "2557"]

1.d4 Nf6 2.c4 e6 3.Nc3 Bb4 4.e3 O-O 5.Ne2 d5 6.a3 Be7 7.cxd5 exd5 8.g3 c6
9.Bg2 Na6 10.O-O Nc7 11.Qd3 Re8 12.f3 b6 13.Rd1 c5 14.b3 Bd6 15.Bb2 Qe7 16.Kf2
a5 17.Re1 Bd7 18.Nd1 a4 19.bxa4 Bxa4 20.Ndc3 c4 21.Qd2 Bc6 22.a4 Bb4 23.Qc1
Qd7 24.Qc2 Ra5 25.Ra2 Na6 26.Rb1 Bd6 27.Ba3 Bxa3 28.Rxa3 Qe7 29.Qc1 Nb4 30.Nd1
Bxa4 31.Nf4 Bxd1 32.Qxd1 Rxa3 {#R} 0-1

[Event "It (open)"]
[Site "masterchessopen.com Port Erin (England)"]
[Round "2"]
[White "Peters Stephen G (ENG)"]
[Black "Sherbakov Ruslan (RUS)"]
[Result "0-1"]
[WhiteElo "2157"]
[BlackElo "2558"]

1.d4 Nf6 2.c4 e6 3.Nc3 Bb4 4.e3 O-O 5.Ne2 c6 6.a3 Ba5 7.b4 Bc7 8.Ng3 d5 9.cxd5
exd5 10.Be2 g6 11.e4 Nxe4 12.Ncxe4 dxe4 13.Nxe4 Bf5 14.Ng3 Be6 15.Bh6 Re8
16.O-O Nd7 17.Qd2 Nb6 18.Rae1 Bd5 19.h4 Qd6 20.Bd3 Bc4 21.Bxc4 Nxc4 22.Qc3 Qd5
23.Ne2 Re4 24.g3 Rae8 25.Qd3 Ne5 26.Qc3 Rxh4 27.f3 Nxf3+ 28.Rxf3 Rxh6 29.Kg2
Qh5 30.Ng1 Rf8 31.Re7 Qh1+ 32.Kf2 Rh2+ {#R} 0-1

[Event "Ch World (seniors)"]
[Site "masterchessopen.com Rowy (Poland)"]
[Round "11"]
[White "Cylwik Zbigniew (POL)"]
[Black "Loesche Heinz (GER)"]
[Result "1-0"]
[WhiteElo "1973"]
[BlackElo "1937"]

1.d4 Nf6 2.c4 e6 3.Nc3 Bb4 4.e3 O-O 5.Ne2 c5 6.a3 Bxc3+ 7.Nxc3 cxd4 8.exd4 d5
9.c5 a6 10.Be2 Qc7 11.f4 Bd7 12.O-O b6 13.b4 a5 14.Be3 axb4 15.axb4 bxc5
16.Rxa8 {#r} 1-0

[Event "Ch World (seniors)"]
[Site "masterchessopen.com Rowy (Poland)"]
[Round "9"]
[White "Lainburg Victor (GER)"]
[Black "Limberg Siegfried (GER)"]
[Result "1-0"]
[WhiteElo "2278"]
[BlackElo "2192"]

1.d4 Nf6 2.c4 e6 3.Nc3 Bb4 4.e3 O-O 5.Ne2 d5 6.a3 Be7 7.cxd5 exd5 8.h3 c6 9.g4
Nbd7 10.Bg2 a5 11.O-O Nb6 12.b3 Ne8 13.Ng3 Nd6 14.e4 dxe4 15.Ncxe4 Be6 16.Nc5
Bd5 17.f3 Bg5 18.Nge4 Bxc1 19.Rxc1 Nbc8 20.Nc3 Ne7 21.Re1 Re8 22.Qd2 Qb6
23.Qf4 Nb5 24.Nxb5 Qxb5 25.Qc7 Ng6 26.Rxe8+ Rxe8 27.Bf1 {#r} 1-0

[Event "Ch Slovakia (team) 1999/00 (2 liga) (b)"]
[Site "masterchessopen.com Slovakia"]
[Round "0"]
[White "Kostelny Jozef (SVK)"]
[Black "Veres Aleksandar (SRB)"]
[Result "1-0"]
[WhiteElo "2205"]
[BlackElo "2238"]

1.d4 Nf6 2.c4 e6 3.Nc3 Bb4 4.e3 O-O 5.Ne2 d5 6.a3 Bxc3+ 7.Nxc3 b6 8.cxd5 exd5
9.Bd3 c5 10.O-O Ba6 11.b4 Bxd3 12.Qxd3 c4 13.Qc2 Nc6 14.f3 Re8 15.Bd2 Qd7
16.Rad1 a5 17.b5 Na7 18.a4 Re6 19.Bc1 Rae8 20.Rfe1 Qe7 21.e4 dxe4 22.d5 Rd6
23.Nxe4 Nxe4 24.Rxe4 Qd7 25.Qxc4 Rc8 26.Qe2 Rxd5 27.Rxd5 Rxc1+ 28.Kf2 {#r} 1-0

[Event "It (open)"]
[Site "masterchessopen.com Southend (England)"]
[Round "3"]
[White "Coote Trevor (ENG)"]
[Black "Jackson Adrian (ENG)"]
[Result "0-1"]
[WhiteElo "2132"]
[BlackElo "2208"]

1.d4 Nf6 2.c4 e6 3.Nc3 Bb4 4.e3 O-O 5.Ne2 d5 6.a3 Be7 7.b3 b6 8.g3 Bb7 9.Bg2
Nbd7 10.O-O Rc8 11.Nf4 Ba6 12.Nb5 c6 13.Nxa7 Rc7 14.Nxc6 Rxc6 15.cxd5 Rd6
16.Re1 Nxd5 17.Bb2 Nxf4 18.gxf4 e5 19.Qf3 exd4 20.Bxd4 Bf6 21.Bxf6 Nxf6
22.Rad1 Bd3 {#R} 0-1

[Event "Memorial M.Chigorin (open)"]
[Site "masterchessopen.com St. Petersburg (Russia)"]
[Round "2"]
[White "Smirnov Artem (RUS)"]
[Black "Biriukov Oleg V (RUS)"]
[Result "1-0"]
[WhiteElo "2225"]
[BlackElo "2382"]

1.d4 Nf6 2.c4 e6 3.Nc3 Bb4 4.e3 O-O 5.Ne2 d5 6.a3 Be7 7.cxd5 Nxd5 8.g3 c5
9.Bg2 Nxc3 10.bxc3 Nc6 11.O-O Qc7 12.e4 Rd8 13.d5 exd5 14.exd5 Bf5 15.Bf4 Ne5
16.Nd4 cxd4 17.cxd4 Bd6 18.dxe5 Bxe5 19.Rc1 Qd6 20.Bxe5 Qxe5 21.Qb3 Rd7
22.Rfe1 Qd6 23.Re3 h6 24.h4 h5 25.Rce1 Kh7 26.Re5 g6 27.Qc3 Qf6 28.Qb4 Qb6
29.Qf4 Qd6 30.Bf3 Rad8 31.Bxh5 f6 32.Rxf5 Qxf4 33.Rxf4 gxh5 34.Rxf6 Kg7 35.Rf5
{#r} 1-0

[Event "Ch Tula Region (open)"]
[Site "masterchessopen.com Tula (Russia)"]
[Round "2"]
[White "Timofeev Sergey (RUS)"]
[Black "Dvalishvili Pavel S (RUS)"]
[Result "0-1"]
[WhiteElo "2295"]
[BlackElo "2355"]

1.d4 Nf6 2.c4 e6 3.Nc3 Bb4 4.e3 O-O 5.Ne2 d5 6.a3 Be7 7.Ng3 Nbd7 8.cxd5 Nxd5
9.e4 Nxc3 10.bxc3 c5 11.Bd3 Nb6 12.Be3 Bd7 13.O-O Na4 14.Qb3 b5 15.c4 bxc4
16.Qxc4 Nb2 17.Qc3 Nxd3 18.Qxd3 Qa5 19.Rfc1 cxd4 20.Bxd4 Rfd8 21.Qe3 Rdc8
22.f4 f6 23.e5 f5 24.Ne2 h6 25.h3 Kh7 26.g4 Be8 27.gxf5 exf5 28.Kh2 Qd5 29.Nc3
Qe6 30.Bxa7 Rc4 31.a4 g5 32.Qb6 Bc6 33.Nb5 Qd5 34.Qf2 Rxf4 {#R} 0-1

[Event "Zt"]
[Site "masterchessopen.com Vung Tau (Vietnam)"]
[Round "6"]
[White "Tran Ngoc Thach (VIE)"]
[Black "Torre Eugenio (PHI)"]
[Result "0-1"]
[WhiteElo "2263"]
[BlackElo "2552"]

1.d4 Nf6 2.c4 e6 3.Nc3 Bb4 4.e3 O-O 5.Ne2 Re8 6.a3 Bf8 7.e4 d5 8.e5 Nfd7 9.c5
b6 10.b4 a5 11.Rb1 axb4 12.axb4 bxc5 13.bxc5 Nc6 14.Be3 Ba6 15.f4 f6 16.Ra1
Nb4 17.Ng3 Bxf1 18.Rxa8 Qxa8 19.Rxf1 Qa6 20.Kf2 Qc4 21.Nge2 Nd3+ 22.Kg3 Ra8
23.Qb1 Rb8 24.Qa1 Rb3 25.Rb1 Rxb1 26.Qxb1 g5 27.c6 gxf4+ 28.Nxf4 N7xe5
29.Ncxd5 exd5 30.dxe5 Nxf4 31.Bxf4 Qc3+ 32.Kg4 fxe5 33.Bg3 Qxc6 34.Bxe5 Qe6+
35.Qf5 h5+ {#R} 0-1

[Event "Ch Vietnam (w)"]
[Site "masterchessopen.com Thua Thien Hue (Vietnam)"]
[Date "2000.03.29"]
[Round "2"]
[White "Ngo Kim Cuong (VIE)"]
[Black "Pham Ngoc Tanh (VIE)"]
[Result "0-1"]
[WhiteElo "2040"]
[BlackElo "2119"]

1.d4 Nf6 2.c4 e6 3.Nc3 Bb4 4.e3 O-O 5.Bd2 d5 6.Be2 b6 7.f4 Bb7 8.Nf3 dxc4
9.Bxc4 Nbd7 10.O-O Bxc3 11.Bxc3 {#R} 0-1

[Event "Tournament (Elo) (a)"]
[Site "masterchessopen.com Budapest (Hungary)"]
[Round "11"]
[White "Puuska Heini (FIN)"]
[Black "Havaskori Laszlo (HUN)"]
[Result "1-0"]
[WhiteElo "2023"]
[BlackElo "2030"]

1.d4 Nf6 2.c4 e6 3.Nc3 Bb4 4.e3 O-O 5.Ne2 b6 6.a3 Bxc3+ 7.Nxc3 Bb7 8.Bd3 d5
9.cxd5 exd5 10.O-O c5 11.b4 c4 12.Bc2 Nbd7 13.f3 Re8 14.Bd2 Nf8 15.Qe1 Nh5
16.Qf2 g6 17.e4 Rc8 18.e5 f5 19.Nb5 Ba6 20.Nd6 f4 21.b5 {#r} 1-0

[Event "It (open)"]
[Site "masterchessopen.com Aschach (Austria)"]
[Round "3"]
[White "Kleiser Gregor (AUT)"]
[Black "Polajzer Danilo (SLO)"]
[Result "0-1"]
[WhiteElo "2205"]
[BlackElo "2430"]

1.d4 Nf6 2.c4 e6 3.Nc3 Bb4 4.e3 O-O 5.Ne2 b6 6.a3 Be7 7.Nf4 Bb7 8.Be2 d6 9.Bf3
Qc8 10.O-O Nbd7 11.e4 e5 12.Nfd5 Nxd5 13.cxd5 exd4 14.Qxd4 Bf6 15.Qd1 Ba6
16.Be2 Nc5 17.Bd2 Re8 18.f3 Bxe2 19.Qxe2 Nb3 20.Rad1 c5 21.dxc6 Qxc6 22.Nd5
Qxd5 {#R} 0-1

[Event "Ch World (juniors) (under 20)"]
[Site "masterchessopen.com Athens (Greece)"]
[Round "13"]
[White "Bu Xiangzhi (CHN)"]
[Black "Acs Peter (HUN)"]
[Result "0-1"]
[WhiteElo "2569"]
[BlackElo "2530"]

1.d4 Nf6 2.c4 e6 3.Nc3 Bb4 4.e3 O-O 5.Ne2 d5 6.a3 Be7 7.cxd5 Nxd5 8.Nxd5 exd5
9.Nc3 c6 10.Be2 Bf5 11.O-O Bg6 12.b4 Nd7 13.b5 Nb6 14.Qb3 Qd6 15.Bb2 Qe6
16.Na4 Nxa4 17.Qxa4 f5 18.bxc6 bxc6 19.Rac1 Be8 20.Qa6 Bd7 21.Bc3 f4 22.exf4
Rxf4 23.Rce1 Bd6 24.Bb5 Qf7 25.Ba4 Rf8 26.Re2 Rh4 27.f3 Bxh2+ 28.Kf2 Qf4
29.Re3 Bg3+ 30.Ke2 Rh2 31.Rg1 Bg4 32.fxg4 Qf2+ 33.Kd3 Qxg1 34.Qxc6 Qb1+ 35.Bc2
Qf1+ 36.Re2 Rf3+ {#R} 0-1

[Event "It (open)"]
[Site "masterchessopen.com Biel (Switzerland)"]
[Round "6"]
[White "Kleinhenz Hans-Georg (GER)"]
[Black "Sadeghi Hassan (SUI)"]
[Result "0-1"]
[WhiteElo "2015"]
[BlackElo "2170"]

1.d4 Nf6 2.c4 e6 3.Nc3 Bb4 4.e3 O-O 5.Ne2 d5 6.a3 Be7 7.Nf4 c6 8.Be2 dxc4
9.Bxc4 Nbd7 10.Nd3 Bd6 11.f4 b5 12.Bb3 Nb6 13.Ne5 Bb7 14.O-O a5 15.Bd2 b4
16.axb4 axb4 17.Rxa8 Qxa8 18.Ne2 c5 19.dxc5 Bxc5 20.Nf3 Nbd5 21.Ned4 Qa7
22.Bc1 Qb6 23.Ne5 Rd8 24.Kh1 Nxe3 25.Bxe3 Bxd4 26.Bxd4 Qxd4 27.Qe2 Ne4 28.Ng4
Qb6 29.f5 Rd2 30.Qe3 Nf2+ 31.Kg1 Nxg4 32.Qxb6 Rxg2+ 33.Kh1 Rxh2+ 34.Kg1 Rh1#
0-1

[Event "Ch Spain (open)"]
[Site "masterchessopen.com Cala Mendia (Spain)"]
[Round "7"]
[White "Paramos Dominguez Roberto (ESP)"]
[Black "Mascaro March Pedro (ESP)"]
[Result "1-0"]
[WhiteElo "2434"]
[BlackElo "2320"]

1.d4 Nf6 2.c4 e6 3.Nc3 Bb4 4.e3 O-O 5.Ne2 d5 6.a3 Bd6 7.c5 Be7 8.b4 b6 9.Nf4
c6 10.Bd2 bxc5 11.bxc5 e5 12.dxe5 Nfd7 13.Nd3 Nxc5 14.Nxc5 Bxc5 15.Na4 Be7
16.Qc2 f6 17.Bd3 fxe5 18.Bxh7+ Kh8 19.h4 e4 20.Bg6 Qd6 21.h5 Nd7 22.Bc3 Ne5
23.h6 gxh6 24.Rxh6+ Kg7 25.Qe2 Bf6 26.Rh7+ Kg8 27.Qh5 Nd3+ 28.Kf1 {#r} 1-0

[Event "Ch Denmark (team) 2000/01"]
[Site "masterchessopen.com Denmark"]
[Round "0"]
[White "Ronsted Torben (DEN)"]
[Black "Larsen Erling (DEN)"]
[Result "0-1"]
[WhiteElo "2085"]
[BlackElo "2086"]

1.d4 Nf6 2.c4 e6 3.Nc3 Bb4 4.e3 O-O 5.Ne2 Ne4 6.Qc2 f5 7.a3 Bxc3+ 8.Nxc3 d5
9.Bd3 c6 10.O-O Nd7 11.f3 Nxc3 12.Qxc3 Nf6 13.Bd2 Bd7 14.Qc2 Qb6 15.Bb4 Rf7
16.Bd6 dxc4 17.Bxc4 Nd5 18.Rae1 Re8 19.Bc5 Qc7 20.a4 b6 21.Ba3 f4 22.Bxd5 exd5
23.e4 dxe4 24.fxe4 Bg4 25.e5 c5 26.dxc5 Rxe5 27.Rxe5 Qxe5 28.c6 f3 29.Qd2 h6
30.Qd8+ Kh7 31.Qd3+ g6 32.gxf3 Bh3 33.Bd6 Qxb2 34.Rf2 Qc1+ 35.Rf1 Bxf1 36.Qxf1
Qxc6 {#R} 0-1

[Event "Ch Finland (team) 2000/01"]
[Site "masterchessopen.com Finland"]
[Round "6"]
[White "Mertanen Janne (FIN)"]
[Black "Halmeenmaki Tuomo (FIN)"]
[Result "1-0"]
[WhiteElo "2193"]
[BlackElo "2190"]

1.d4 Nf6 2.c4 e6 3.Nc3 Bb4 4.e3 O-O 5.Ne2 d6 6.a3 Bxc3+ 7.Nxc3 a5 8.Be2 Nbd7
9.O-O e5 10.dxe5 dxe5 11.Qc2 c6 12.Rb1 Qe7 13.f3 e4 14.f4 Re8 15.b4 c5 16.Nb5
Nb6 17.bxa5 Rxa5 18.Bb2 Na4 19.Be5 Ng4 20.Bxg4 Bxg4 21.Nd6 f6 22.Rxb7 Qd8
23.Nxe8 fxe5 24.Rxg7+ Kh8 25.Qxe4 {#r} 1-0

[Event "Ch France (team) 2001"]
[Site "masterchessopen.com France"]
[Round "9"]
[White "Benitah Yohan (FRA)"]
[Black "Efimov Igor (MNC)"]
[Result "0-1"]
[WhiteElo "2320"]
[BlackElo "2467"]

1.d4 Nf6 2.c4 e6 3.Nc3 Bb4 4.e3 O-O 5.Ne2 d5 6.a3 Bd6 7.c5 Be7 8.f4 b6 9.b4 a5
10.Rb1 axb4 11.axb4 bxc5 12.bxc5 Ba6 13.Qa4 Nfd7 14.Ng3 Bh4 15.Be2 Qf6 16.Ba3
c6 17.Kf2 e5 18.dxe5 Nxe5 19.Bb2 Nbd7 20.Bxa6 Nxc5 21.Nxd5 Qg6 22.Qd4 cxd5
23.Qxc5 Ng4+ 24.Ke2 Rxa6 25.Ba3 Re8 26.Nf1 Qxb1 {#R} 0-1

[Event "It (open)"]
[Site "masterchessopen.com Geneva (Switzerland)"]
[Round "1"]
[White "Epishin Vladimir (GER)"]
[Black "Buehler Beat (SUI)"]
[Result "1-0"]
[WhiteElo "2583"]
[BlackElo "2225"]

1.d4 Nf6 2.c4 e6 3.Nc3 Bb4 4.e3 O-O 5.Ne2 d5 6.a3 Bd6 7.c5 Be7 8.b4 b6 9.Rb1
c6 10.Ng3 a5 11.Be2 axb4 12.axb4 bxc5 13.dxc5 Ba6 14.O-O Bxe2 15.Ncxe2 Ne8
16.e4 Nc7 17.Qc2 Nb5 18.Rb3 Nd7 19.f4 dxe4 20.f5 e5 21.Bb2 Qc7 22.Qxe4 Rfe8
23.Nh5 Nf6 24.Nxf6+ Bxf6 25.Ng3 Rad8 26.Nh5 Rd5 27.Rg3 Kf8 28.Rxg7 Bxg7 29.f6
Re6 30.Qxh7 Bxf6 31.Nxf6 {#r} 1-0

[Event "It (open)"]
[Site "masterchessopen.com Geneva (Switzerland)"]
[Round "8"]
[White "Epishin Vladimir (GER)"]
[Black "Sokolov Andrei (FRA)"]
[Result "0-1"]
[WhiteElo "2583"]
[BlackElo "2602"]

1.d4 Nf6 2.c4 e6 3.Nc3 Bb4 4.e3 O-O 5.Ne2 d5 6.a3 Be7 7.cxd5 exd5 8.g3 a5
9.Bg2 Na6 10.O-O Re8 11.Bd2 h6 12.Be1 Bf8 13.Qd2 c5 14.f3 Nc7 15.Bf2 b6
16.Rfe1 Bb7 17.g4 g6 18.b3 Ne6 19.h3 Bg7 20.Rad1 Rc8 21.a4 Ba6 22.Bg3 Bf8
23.Be5 Bxe2 24.Qxe2 cxd4 25.Bxf6 Qxf6 26.Nxd5 Qh4 27.Kh1 dxe3 28.Qxe3 Nc7 {#R}
0-1

[Event "Bundesliga 2000/01"]
[Site "masterchessopen.com Germany"]
[Round "15"]
[White "Neidhardt Claus-Ulrich (GER)"]
[Black "Sadler Matthew (ENG)"]
[Result "0-1"]
[WhiteElo "2420"]
[BlackElo "2631"]

1.d4 Nf6 2.c4 e6 3.Nc3 Bb4 4.e3 O-O 5.Ne2 d5 6.a3 Be7 7.Nf4 c6 8.b3 Nbd7 9.Bb2
Bd6 10.Qc2 Re8 11.cxd5 exd5 12.g3 Nf8 13.Bg2 Bxf4 14.gxf4 Ng6 15.O-O-O Nh4
16.Bf1 Bf5 17.Bd3 Bxd3 18.Qxd3 Ne4 19.Nxe4 dxe4 20.Qc3 Qd5 21.Rhg1 Nf3 22.Rh1
Re6 23.Kb1 Rg6 24.Qb4 b6 25.Rc1 Rg2 26.Rc2 Rxh2 27.Rxh2 Nxh2 28.Qa4 Nf3
29.Rxc6 h5 30.Rc7 Rd8 31.Qxa7 Qxb3 32.Rc2 h4 33.Qb7 Qd5 34.Qxb6 h3 35.Qa6 h2
36.Qf1 Rd6 {#R} 0-1

[Event "Ch SBRhH (M)"]
[Site "masterchessopen.com Germany"]
[Round "0"]
[White "Sabel Reinhard (GER)"]
[Black "Justen Detlef (GER)"]
[Result "0-1"]
[WhiteElo "2083"]
[BlackElo "2119"]

1.d4 Nf6 2.c4 e6 3.Nc3 Bb4 4.e3 O-O 5.Ne2 d5 6.a3 Be7 7.Nf4 b6 8.cxd5 exd5
9.b4 Bf5 10.Be2 c6 11.O-O Bd6 12.Bf3 Ne4 13.Nxe4 dxe4 14.Be2 Nd7 15.Bb2 Nf6
16.Rc1 Rc8 17.Qa4 Qe7 18.Ba6 b5 19.Qb3 Rc7 20.a4 Rb8 21.axb5 cxb5 22.Nd5 Nxd5
23.Qxd5 Qd7 24.f4 exf3 25.Qxf3 Bd3 26.Rfd1 Rxc1 27.Rxc1 Bc4 28.Bc3 Qe6 29.Ra1
Bd5 30.Qf2 Qh6 31.g3 Qg6 32.Kf1 Qd3+ {#R} 0-1

[Event "Oberliga East B 2000/01"]
[Site "masterchessopen.com Germany"]
[Round "10"]
[White "Staller Peter (GER)"]
[Black "Klings Peter (GER)"]
[Result "1-0"]
[WhiteElo "2340"]
[BlackElo "2179"]

1.c4 Nf6 2.Nc3 e6 3.d4 Bb4 4.e3 O-O 5.Ne2 Re8 6.a3 Bf8 7.g3 d6 8.Bg2 Nc6 9.O-O
e5 10.d5 Ne7 11.e4 Ng6 12.h3 Bd7 13.Be3 h6 14.Qd2 Nh7 15.b4 Be7 16.Kh2 h5
17.Rac1 Ng5 18.f3 f5 19.exf5 Bxf5 20.Ne4 Bxe4 21.fxe4 Nf8 22.c5 Nfh7 23.h4 Nf7
24.Bh3 Nf6 25.Nc3 Ng4+ 26.Bxg4 hxg4 27.Kg2 Qd7 28.c6 Qc8 29.cxb7 Qxb7 30.Qe2
Bd8 31.Qxg4 Qa6 32.Qd7 Re7 33.Qc6 Qc8 34.Rf3 a6 35.Rcf1 Rb8 36.Rxf7 {#r} 1-0

[Event "It (open)"]
[Site "masterchessopen.com Hamburg (Germany)"]
[Round "3"]
[White "Roettgen Juergen (GER)"]
[Black "Gershon Alik (ISR)"]
[Result "0-1"]
[WhiteElo "2194"]
[BlackElo "2556"]

1.d4 Nf6 2.c4 e6 3.Nc3 Bb4 4.e3 O-O 5.Ne2 d5 6.a3 Bd6 7.cxd5 exd5 8.Ng3 Re8
9.Bd3 a5 10.O-O c6 11.Qc2 Nbd7 12.e4 Bxg3 13.hxg3 dxe4 14.Nxe4 Nxe4 15.Bxe4
Nf6 16.Bd3 Qxd4 17.Bg5 h6 18.Rad1 Qe5 19.Be3 Qh5 20.Rfe1 Ng4 21.Bh7+ Kh8
22.Be4 b6 23.Qxc6 Ba6 24.Bd3 Rac8 25.Qxb6 Qh2+ 26.Kf1 Rc2 {#R} 0-1

[Event "Tournament (IECC)"]
[Site "masterchessopen.com Internet"]
[Round "0"]
[White "De Wachter Matthias (BEL)"]
[Black "Jostes Marko (GER)"]
[Result "0-1"]
[WhiteElo "2243"]
[BlackElo "2083"]

1.d4 Nf6 2.c4 e6 3.Nc3 Bb4 4.e3 O-O 5.Ne2 Re8 6.a3 Bf8 7.d5 d6 8.g3 exd5
9.cxd5 c5 10.Bg2 Nbd7 11.O-O a6 12.e4 g6 13.b3 Bg7 14.Bb2 b5 15.Qc2 Nb6 16.Nd1
a5 17.Ne3 Ba6 18.Rfe1 b4 19.a4 Rc8 20.Nc4 Bxc4 21.bxc4 Ng4 22.Bxg7 Kxg7 23.Bh3
Ne5 24.Bxc8 Nf3+ 25.Kg2 Nxe1+ 26.Rxe1 Qxc8 27.f3 Qd7 28.Ra1 Qe7 {#R} 0-1

[Event "Memorial I.Stepichev"]
[Site "masterchessopen.com Kiev (Ukraine)"]
[Round "5"]
[White "Ignatenko Vladimir (UKR)"]
[Black "Romanov Vladimir (UKR)"]
[Result "1-0"]
[WhiteElo "2065"]
[BlackElo "2329"]

1.d4 Nf6 2.c4 e6 3.Nc3 Bb4 4.e3 O-O 5.Ne2 d5 6.a3 Be7 7.Nf4 c6 8.Bd3 Nbd7
9.O-O Bd6 10.e4 dxe4 11.Nxe4 Nxe4 12.Bxe4 e5 13.dxe5 Nxe5 14.Qe2 Re8 15.Rd1
Qc7 16.Qc2 g6 17.c5 Bf8 18.b4 Bg7 19.Bb2 Ng4 20.Rd6 Bxb2 21.Qxb2 Rxe4 22.f3
Rxf4 23.fxg4 Bxg4 24.Qe5 Rf5 25.Rxg6+ fxg6 26.Qxc7 Rf7 27.Qg3 Raf8 28.Qxg4
{#r} 1-0

[Event "It (cat.9)"]
[Site "masterchessopen.com New York (USA)"]
[Round "9"]
[White "Simutowe Amon (ZAM)"]
[Black "Sarkar Justin (USA)"]
[Result "1-0"]
[WhiteElo "2428"]
[BlackElo "2372"]

1.d4 Nf6 2.c4 e6 3.Nc3 Bb4 4.e3 O-O 5.Ne2 d5 6.cxd5 exd5 7.g3 c6 8.Bg2 Bf5
9.f3 Re8 10.O-O Na6 11.g4 Be6 12.a3 Bd6 13.h3 Nd7 14.e4 dxe4 15.fxe4 Nb6
16.Nf4 Nc7 17.d5 cxd5 18.exd5 Bd7 19.Nh5 Bb5 20.Nxb5 Nxb5 21.Qd3 Qd7 22.Bh6
Be5 23.a4 Nd4 24.Rae1 Qxa4 25.Rxe5 Rxe5 26.Bxg7 Rxh5 27.Bxd4 Rg5 28.Bf6 Rg6
29.Be4 Rxf6 30.Rxf6 Qa1+ 31.Rf1 Qxb2 32.Bxh7+ Kg7 33.d6 Rf8 34.Rxf7+ {#r} 1-0

[Event "It (open)"]
[Site "masterchessopen.com Polanica Zdroj (Poland)"]
[Round "7"]
[White "Szymczak Zbigniew (POL)"]
[Black "Staniszewski Piotr (POL)"]
[Result "0-1"]
[WhiteElo "2314"]
[BlackElo "2451"]

1.d4 Nf6 2.c4 e6 3.Nc3 Bb4 4.e3 O-O 5.Ne2 d5 6.a3 Be7 7.Nf4 c6 8.Be2 Nbd7
9.O-O dxc4 10.Bxc4 e5 11.Nfe2 exd4 12.exd4 Nb6 13.Ba2 Nbd5 14.Nf4 Nxc3 15.bxc3
Bd6 16.h3 Bf5 17.Be3 Ne4 18.g4 Qh4 19.Qf3 Ng5 20.Qg3 Be4 21.Bb1 Bxf4 22.Bxf4
Qxh3 23.Qxh3 Nxh3+ 24.Kh2 Nxf4 25.Bxe4 Ne2 26.c4 Nxd4 27.Rab1 Rfe8 28.f3 Re7
29.Rb2 Rd8 30.Kg3 g6 31.Rh1 Ne6 32.Rbh2 Ng5 33.Bb1 Rd4 {#R} 0-1